[Event "EU-ch Online U16"]
[Site "Tornelo INT"]
[Date "2020.09.18"]
[Round "2"]
[White "Alexandersson, Orn"]
[Black "Troselj, Ivan"]
[Result "1-0"]
[WhiteElo "1312"]
[BlackElo "1805"]
[PlyCount "71"]
[EventDate "2020.09.18"]
[EventType "swiss (rapid)"]
[EventRounds "9"]
[EventCountry "NET"]
[SourceTitle "EXT 2023"]
[Source "ChessBase"]
[SourceDate "2022.10.05"]
[SourceVersion "1"]
[SourceVersionDate "2022.10.05"]
[SourceQuality "1"]
[WhiteTeam "Island"]
[BlackTeam "Croatia"]
[WhiteTeamCountry "ISL"]
[BlackTeamCountry "CRO"]

1. d4 Nf6 2. c4 e6 3. Nc3 d5 4. cxd5 exd5 5. Bg5 Be7 6. e3 0-0 7. Bd3 c6 8. Nge2 Bg4 9. Qc2 h6 10. Bh4 Nbd7 11. 0-0 Nh5 12. Bxe7 Qxe7 13. Rae1 Qg5 14. f4 Qe7 15. Nc1 f5 16. h3 Qh4 17. hxg4 fxg4 18. N1e2 g3 19. Rf3 g5 20. Bg6 gxf4 21. Bxh5 Qh2+ 22. Kf1 Qh1+ 23. Ng1 Qxh5 24. exf4 Rae8 25. Rxe8 Rxe8 26. Rxg3+ Kh8 27. Qg6 Qxg6 28. Rxg6 Kh7 29. Rg3 Nf8 30. Nge2 Ng6 31. f5 Nh4 32. Kf2 Rf8 33. Rg4 Rxf5+ 34. Rf4 Kg6 35. Kg3 Rg5+ 36. Kxh4 1-0

[Event "Reykjavik Congress"]
[Site "Reykjavik"]
[Date "2019.01.13"]
[Round "3"]
[White "Alexandersson, Orn"]
[Black "Baldursson, Haraldur"]
[Result "0-1"]
[WhiteElo "1512"]
[BlackElo "1944"]
[PlyCount "68"]
[EventDate "2019.01.06"]
[EventType "swiss"]
[EventRounds "9"]
[EventCountry "ISL"]
[SourceTitle "CBM 188 Extra"]
[Source "ChessBase"]
[SourceDate "2019.02.28"]
[SourceVersion "1"]
[SourceVersionDate "2019.02.28"]
[SourceQuality "1"]

1. d4 Nf6 2. c4 e6 3. Nc3 d5 4. cxd5 exd5 5. Bg5 Nbd7 6. e3 Be7 7. Bd3 c6 8. Nge2 Ne4 9. Bxe7 Qxe7 10. 0-0 Ndf6 11. Qc2 0-0 12. Rae1 Re8 13. f3 Nxc3 14. Nxc3 Qd6 15. Qf2 Be6 16. Bc2 Rad8 17. Rd1 h6 18. e4 dxe4 19. fxe4 Ng4 20. Qh4 Ne3 21. e5 Qb4 22. Ne4 Nxc2 23. Nf6+ gxf6 24. Qg3+ Kh7 25. exf6 Rg8 26. Qd3+ Rg6 27. Qxc2 Rxd4 28. Rde1 Rd2 29. Qxg6+ Kxg6 30. Rf3 Rxg2+ 31. Kxg2 Qxe1 32. Rg3+ Kxf6 33. h4 Bd5+ 34. Kh3 h5 0-1

[Event "Reykjavik TR CC Opinn"]
[Site "Reykjavik"]
[Date "2018.09.26"]
[Round "7.1"]
[White "Olafsson, Arni"]
[Black "Alexandersson, Orn"]
[Result "1-0"]
[WhiteElo "1331"]
[BlackElo "1489"]
[PlyCount "77"]
[EventDate "2018.09.09"]
[EventType "swiss"]
[EventRounds "7"]
[EventCountry "ISL"]
[SourceTitle "EXT 2024"]
[Source "ChessBase"]
[SourceDate "2023.10.10"]
[SourceVersion "1"]
[SourceVersionDate "2023.10.10"]
[SourceQuality "1"]

1. e4 c5 2. Nf3 d6 3. d4 cxd4 4. Nxd4 Nf6 5. Nc3 a6 6. f3 e5 7. Nb3 Be6 8. Be3 Be7 9. Qd2 0-0 10. 0-0-0 Nbd7 11. g4 b5 12. g5 Nh5 13. Ne2 Rc8 14. Kb1 Nb6 15. Ng3 Nf4 16. h4 Qc7 17. Bxf4 exf4 18. Nh5 Nc4 19. Bxc4 bxc4 20. Qc3 f6 21. Nd4 Bf7 22. Nxf4 Qd7 23. Nh3 fxg5 24. Nxg5 Bf6 25. Qe3 c3 26. Nxf7 Qxf7 27. Rd3 cxb2 28. Nf5 Qc4 29. Qf2 Qc5 30. Qxc5 dxc5 31. h5 c4 32. Rd2 Bg5 33. Rg2 Bf6 34. Rhg1 Rc7 35. Rd1 Rcc8 36. Rd5 c3 37. Rg1 Rfd8 38. Rgd1 Rf8 39. Rd6 1-0

[Event "Reykjavik Icelandic op"]
[Site "Reykjavik"]
[Date "2018.06.05"]
[Round "6"]
[White "Alexandersson, Orn"]
[Black "Gudmundsson, Gunnar Erik"]
[Result "1/2-1/2"]
[WhiteElo "1521"]
[BlackElo "1565"]
[PlyCount "84"]
[EventDate "2018.06.01"]
[EventType "swiss"]
[EventRounds "10"]
[EventCountry "ISL"]
[SourceTitle "CBM 184 Extra"]
[Source "ChessBase"]
[SourceDate "2018.06.28"]
[SourceVersion "1"]
[SourceVersionDate "2018.06.28"]
[SourceQuality "1"]

1. d4 Nf6 2. c4 e6 3. Nf3 b6 4. a3 Bb7 5. Nc3 d5 6. cxd5 Nxd5 7. Qc2 c5 8. e4 Nf6 9. Bg5 Be7 10. Rd1 cxd4 11. Nxd4 Qc8 12. Ncb5 Qxc2 13. Nxc2 Na6 14. Bxf6 gxf6 15. Nd6+ Bxd6 16. Rxd6 Ke7 17. Rd1 Nc5 18. f3 Rac8 19. Nd4 a6 20. Be2 Rhg8 21. 0-0 h5 22. Rc1 h4 23. Rc2 Na4 24. Rfc1 Nxb2 25. Nc6+ Rxc6 26. Rxc6 Bxc6 27. Rxc6 Rb8 28. Bxa6 Na4 29. Bb5 Nc5 30. a4 Nb3 31. Rc7+ Kf8 32. Bc4 Na5 33. Bb5 Rd8 34. Rc2 Rb8 35. Kf2 Kg7 36. f4 Nb3 37. Rb2 Nc5 38. Kf3 Ra8 39. Rb4 f5 40. exf5 exf5 41. Ke3 Rd8 42. Rb2 Ra8 1/2-1/2

[Event "Reykjavik op"]
[Site "Reykjavik"]
[Date "2018.03.07"]
[Round "2"]
[White "Alexandersson, Orn"]
[Black "Ontiveros, John"]
[Result "1-0"]
[WhiteElo "1466"]
[BlackElo "1736"]
[PlyCount "69"]
[EventDate "2018.03.06"]
[EventType "swiss"]
[EventRounds "9"]
[EventCountry "ISL"]
[SourceTitle "CBM 183 Extra"]
[Source "ChessBase"]
[SourceDate "2018.04.19"]
[SourceVersion "1"]
[SourceVersionDate "2018.04.19"]
[SourceQuality "1"]

1. d4 Nf6 2. c4 e6 3. Nf3 b6 4. a3 Bb7 5. Nc3 c5 6. d5 exd5 7. cxd5 d6 8. e4 Nbd7 9. Bf4 Nh5 10. Bg3 Nxg3 11. hxg3 g6 12. Qd2 Bg7 13. 0-0-0 Qe7 14. Nb5 0-0 15. Qf4 f5 16. Qxd6 Qxd6 17. Nxd6 fxe4 18. Nxe4 Ne5 19. Nxe5 Bxe5 20. Bc4 Bc8 21. d6+ Kg7 22. d7 Bb7 23. Ng5 Bd4 24. Ne6+ Kh8 25. Nxf8 Rxf8 26. f3 Bc6 27. Be6 Rd8 28. Bf7 Kg7 29. Be8 Bxd7 30. Bxd7 Rxd7 31. g4 Kf6 32. Rde1 Be5 33. g5+ Kf5 34. g4+ Kf4 35. Re4+ 1-0

[Event "Reykjavik TR U2000 op"]
[Site "Reykjavik"]
[Date "2017.10.11"]
[Round "1"]
[White "Larusson, Agnar Darri"]
[Black "Alexandersson, Orn"]
[Result "1-0"]
[WhiteElo "1750"]
[BlackElo "1371"]
[PlyCount "37"]
[EventDate "2017.10.11"]
[EventType "swiss"]
[EventRounds "7"]
[EventCountry "ISL"]
[SourceTitle "CBM 181 Extra"]
[Source "ChessBase"]
[SourceDate "2017.12.12"]
[SourceVersion "1"]
[SourceVersionDate "2017.12.12"]
[SourceQuality "1"]

1. e4 e6 2. d4 d5 3. Nc3 Nf6 4. Bg5 Be7 5. e5 Nfd7 6. Bxe7 Qxe7 7. Qg4 0-0 8. 0-0-0 a6 9. f4 c5 10. Nf3 b5 11. h4 c4 12. Rh3 f5 13. exf6 Nxf6 14. Qg5 Bd7 15. Re1 Qd8 16. Rg3 Rf7 17. Ne5 Re7 18. Qxf6 b4 19. Rxg7+ 1-0